Estatutos / Club Alpino Español, Sección de Cataluña
Descripción Física:
12 p. ; 18 cm
MARC
| LEADER | 00000nam a2200000Ia 4500 | ||
|---|---|---|---|
| 001 | 15041 | ||
| 008 | 160829s9999 xx 000 0 cat d | ||
| 080 | |a RF-12-6 | ||
| 100 | |a Club Alpino Español. Sección de Cataluña |9 46868 | ||
| 245 | |a Estatutos / Club Alpino Español, Sección de Cataluña | ||
| 260 | |a Barcelona : |b Impr. de M. Berdós, [1909] | ||
| 300 | |a 12 p. ; |c 18 cm | ||
| 590 | |a Prové de 2682, exp. 1 | ||
| 650 | |a Club Alpino Español. Sección de Cataluña |x Estatuts |9 46869 | ||
| 856 | 4 | |u https://media.diba.cat/diba/fitxers/arxiu/fulletons/bib_15041_1909_baixa.pdf |y Accés lliure | |
| 856 | 4 | |u https://media.diba.cat/diba/fitxers/arxiu/fulletons/bib_15041_1909_baixa.pdf |y Accés lliure | |
| 901 | |a Arxiu | ||
| 942 | |n 1 |2 udc | ||
| 952 | |0 0 |1 0 |4 0 |6 RF126 |7 1 |9 53502 |a Arxiu |b Arxiu |d 2016-12-01 |l 0 |o RF-12-6 |p 15041 |r 2016-12-01 00:00:00 |w 2016-12-01 |y ARXIU | ||
| 999 | |c 57368 |d 57368 | ||
| 900 | |a bib_15041_1909_baixa.pdf | ||